000 00390pam a2200157a 44500
008 230515b2005 xxu||||| |||| 00| 0 eng d
020 _aNULL
041 _aENG
082 _a610.77698
100 _aMohit Gupta sachin sharma Gagan sharma
245 _aCatalyst pg series oncology
250 _aNULL
260 _aNULL
_b"Addison Wesley, nd, 0"
_c2005
300 _a410
650 _aN.D.
999 _c524267
_d524267